000 01144nam a2200241Ia 4500
001 282.082 092-GAL ji pa (13327)
003 IT-MiSPE
008 171229s9999||||xx |||||||||||||| ||und||
040 _aIT-MiSPE
_cIT-MiSPE
041 _aITALIANO
100 _aJim Gallagher
240 _aPadre Pio the pierced priest: A biography
245 0 _aPadre Pio
_bApparizioni, guarigioni e miracoli nelle testimonianze di chi lo ha conosciuto
250 _a1a ed. (v)
260 _aCinisello B.mo
_bSan Paolo
_c1999
300 _a292 p.
_c22 cm
490 _aI protagonisti
_v38
501 _aEdizioni San Paolo srl - Piazza Soncino, 5 - 20092 CINISELLO BALSAMO (MI) (non commercial uses only) ® Copyright 2018
700 _aPatrizia Villani
_g(traduzione)
942 _cBK
957 _71
999 _a16398
_bNO
_g Copie: 1
_c348985
_d348985